Statistiques concernant Limite de vitesse en Europe

Cliquez ici pour prendre le quiz!

Statistiques générales

  • Ce quiz a été pris 45 fois
  • Le résultat moyen est 20 sur 44

Statistiques - réponses

HintRéponse% Correct
ALBANIE110
81%
FRANCE130
65%
BIELORUISSIE110
54%
BELGIQUE120
54%
BOSNIE-HERZEGOVINE130
54%
AUTRICHE130
54%
ANDORRE90
54%
ESTONIE110
51%
FINLANDE120
51%
IRLANDE120
51%
ITALIE130
51%
HONGRIE130
51%
GRECE130
51%
DANEMARK130
51%
CROATIE130
51%
ISLANDE90
51%
PAYS-BAS100 (130 la nuit)
49%
ESPAGNE120
49%
MACEDOINE DU NORD120
49%
LITUANIE130
49%
BULGARIE140
49%
MONACO50
49%
LIECHTENSTEIN80
49%
MALTE80
49%
MOLDAVIE90
49%
NORVEGE110
46%
LUXEMBOURG130
46%
MONTENEGRO80
46%
LETTONIE90
46%
ROYAUME-UNI110
43%
PORTUGAL120
43%
ROUMANIE130
43%
POLOGNE140
43%
RUSSIE130
41%
REPUBLIQUE TCHEQUE130
41%
SLOVENIE130
38%
SUISSE120
35%
SERBIE130
35%
SLOVAQUIE130
35%
SUEDE120
32%
UKRAINE130
27%
SAINT-MARIN70
27%
VATICAN30
24%
ALLEMAGNEPAS LIMITEE
22%

Distribution des résultats

Percentile par nombre de réponses

% des personnes avec chaque résultat

Votre développement - résultats

Vous n’avez pas pris ce quiz